| 000 | 00971nam a2200277 i 4500 | ||
|---|---|---|---|
| 003 | EG-GICUC | ||
| 005 | 20260121101220.0 | ||
| 008 | 251113s1964 fr ||||fr|||| 000 0 fre d | ||
| 040 |
_aEG-GiCUC _bfre _cEG-GiCUC _dEG-GiCUC _eRda |
||
| 082 | 0 | 4 |
_221 _a338.9 _bPL |
| 099 | _aLaw1 13 338.9 PL 1964 | ||
| 111 | _a | ||
| 245 | 0 | 0 |
_aPlanification Et Programmes De Développement : _b(études De Cas Et Expériences) / |
| 264 | 1 |
_aParis : _bCentre De Développement De L'organisation De Coopération Et De Développement Économiques , _c1964. |
|
| 300 |
_a245 page : _billustration ; _c 24 cm. |
||
| 336 |
_2rda contenu _a texte |
||
| 337 |
_2rda medias _aOrdinateur |
||
| 338 |
_2 transporteur rda _a Ressource en ligne |
||
| 504 | _a | ||
| 546 | _aTexte en français | ||
| 650 | 1 | 4 |
_aFinances publiques et législation fiscale _2qrmak |
| 651 | 1 | _2qrmak | |
| 856 | 4 | 0 | _uhttps://fll.law.cu.edu.eg/fulltext/bks/B13-06640.pdf |
| 905 | _a50 | ||
| 942 |
_2ddc _cBK _e21 _n0 |
||
| 999 |
_c43211 _d43211 |
||